Happier-Lyrics (Bastille) - Statistics

General Stats
  • This quiz has been taken 8 times
  • The average score is 236 of 377
Answer Stats
Answer % Correct
be
100%
happier
100%
I
100%
to
100%
want
100%
When
100%
when
100%
you
100%
been
86%
Lately
86%
Then
86%
think
86%
thinkin'
86%
have
71%
in
71%
a
57%
but
57%
comes
57%
don't
57%
I'll
57%
leave
57%
me
57%
me)
57%
morning
57%
my
57%
see
57%
the
57%
this
57%
we
57%
what
57%
and
43%
And
43%
become
43%
'Cause
43%
'cause
43%
change
43%
day
43%
'cause
43%
feel
43%
fire
43%
for
43%
go
43%
I'm
43%
just
43%
know
43%
Know
43%
like
43%
means
43%
might
43%
mind
43%
minute
43%
minute)
43%
not
43%
only
43%
(only
43%
raise
43%
right
43%
(Right
43%
smile
43%
spirits
43%
spirits)
43%
that
43%
wanna
43%
(wanna
43%
we've
43%
you'll
43%
your
43%
argument
29%
back
29%
begun
29%
can
29%
can't
29%
ends
29%
Even
29%
evening
29%
Every
29%
every
29%
if
29%
left
29%
light
29%
of
29%
So
29%
story
29%
take
29%
though
29%
thoughts
29%
up
29%
will
29%
word
29%
all
14%
at
14%
away
14%
being
14%
both
14%
cold
14%
course
14%
eating
14%
else
14%
falls
14%
far
14%
flame
14%
from
14%
image
14%
inside
14%
it's
14%
jump
14%
least
14%
made
14%
Now
14%
okay
14%
our
14%
pretended
14%
ran
14%
someone
14%
swim
14%
there
14%
together
14%
way
14%
well
14%
we're
14%
wind
14%
with
14%
happened
0%
has
0%
wrech
0%
No matching quizzes found
Score Distribution
Percent of People with Each Score
Percentile by Number Answered
Your Score History
You have not taken this quiz